000 00314 a2200133 4500
999 _c324301
_d324301
001 89228
003 NUST
082 _a891.4397 SHA
100 _aShafeeq Ur Rehman
_99652
245 _aHamaqtain
260 _aLahore
_bSang-e-meel Publications
_c2013
300 _a224p.
500 _aGeneral Books
942 _aCAE NUST
_cBK
_k891.4397 SHA
_2ddc